LEGO Themes - Statistics

General Stats
  • This quiz has been taken 36 times
    24 since last reset
  • The average score is 21 of 43
Answer Stats
Answer % Correct
DC
89%
Marvel
89%
City
79%
Star Wars
79%
Architecture
74%
Harry Potter
74%
Ninjago
74%
Batman
68%
Friends
68%
Creator 3 in 1
63%
Creator Expert
63%
Disney
63%
Ideas
63%
Technic
63%
Avatar
53%
BrickHeadz
53%
Classic
53%
Minecraft
53%
Speed Champions
53%
Spiderman
53%
Super Mario
53%
Art
47%
Dots
47%
DREAMZzz
47%
Icons
47%
Lord of the Rings
47%
Animal Crossing
42%
Duplo
42%
Monkie Kid
42%
Botanical Collection
37%
Indiana Jones
37%
Jurassic World
37%
Despicable Me 4
32%
Fortnite
32%
Minifigures
32%
The Legend of Zelda
32%
Gabby's Dollhouse
26%
Powered Up
26%
Braille Bricks
21%
DUPLO Peppa Pig
21%
Overwatch
21%
Serious Play
21%
Sonic the Hedgehop
16%
No matching quizzes found
Score Distribution
Percent of People with Each Score
Percentile by Number Answered
Your Score History
You have not taken this quiz since the last reset